000 00629nam a22002297a 4500
003 UA-OsUOA
001 95878
007 ta
008 20130312b un ||||| |||| 00| 0 ukr d
100 _aКузьмин Н.
090 _a821.161.1
_bК89
942 _cBK
040 _aUA-OsUOA
_brus
_cUA-OsUOA
_dUA-OsUOA
245 _aОгненная судьба
_bповесть о Сергее Лазо
300 _a377 с.
955 _a3
041 _arus
080 _a821.161.1
260 _aМ.
_bПолитиздат
_c1986
650 7 _a82 Література. Літературознавство
_2UDC
999 _c382125
_d382125